<?xml version="1.0" encoding="UTF-8"?>
<marc:record xmlns:marc="http://www.loc.gov/MARC21/slim">
   <marc:leader>00000nam a2200000 a 4500</marc:leader>
   <marc:datafield ind1="1" ind2=" " tag="100">
      <marc:subfield code="a">Kirschner, Sabrina J.</marc:subfield>
      <marc:subfield code="4">aut</marc:subfield>
      <marc:subfield code="e">Verfasser/-in</marc:subfield>
   </marc:datafield>
   <marc:datafield ind1=" " ind2=" " tag="653">
      <marc:subfield code="a">Kinderbücher bis 11 Jahre</marc:subfield>
   </marc:datafield>
   <marc:datafield ind1=" " ind2=" " tag="653">
      <marc:subfield code="a">Klassentreffen</marc:subfield>
   </marc:datafield>
   <marc:datafield ind1=" " ind2=" " tag="653">
      <marc:subfield code="a">Sturmfrei</marc:subfield>
   </marc:datafield>
   <marc:datafield ind1=" " ind2=" " tag="653">
      <marc:subfield code="a">Antolin 4</marc:subfield>
   </marc:datafield>
   <marc:datafield ind1=" " ind2=" " tag="653">
      <marc:subfield code="a">Langeweile</marc:subfield>
   </marc:datafield>
   <marc:datafield ind1="0" ind2="0" tag="245">
      <marc:subfield code="a">Die unlangweiligste Schule der Welt 8: Das Klassentreffen</marc:subfield>
   </marc:datafield>
   <marc:datafield ind1="0" ind2="0" tag="245">
      <marc:subfield code="c">Kirschner, Sabrina J.</marc:subfield>
   </marc:datafield>
   <marc:datafield ind1=" " ind2="1" tag="264">
      <marc:subfield code="a">Hamburg</marc:subfield>
      <marc:subfield code="b">Carlsen</marc:subfield>
      <marc:subfield code="c">2022</marc:subfield>
   </marc:datafield>
   <marc:datafield ind1="1" ind2=" " tag="490">
      <marc:subfield code="a">Die unlangweiligste Schule der Welt</marc:subfield>
      <marc:subfield code="v">8</marc:subfield>
   </marc:datafield>
   <marc:datafield ind1=" " ind2=" " tag="250">
      <marc:subfield code="a">1. Auflage</marc:subfield>
   </marc:datafield>
   <marc:datafield ind1="1" ind2=" " tag="520">
      <marc:subfield code="a">Die unlangweiligste Schule der Welt 8: Das Klassentreffen  / von Sabrina J. Kirschner&#xD;
*** „Bitte leise atmen!“ heißt es für Maxes Klasse in der langweiligsten Schule der Welt. Ein Fall für Inspektor Rumpus von der Behörde für Langeweilebekämpfung! ***&#xD;
           &#xD;
Band 8: Sturmfreie Bude für Maxe und Frieda! Während die Eltern beim langweiligsten Klassentreffen der Welt sind, feiern die Kinder eine fröhliche Party. Doch dann bedroht eine Schaumlawine die Stadt. Und alle Erwachsenen sind in der Schnittlich-Schule eingeschlossen! Allein Maxe und seine Klasse können Mittelhausen noch retten ... &#xD;
            &#xD;
DIE UNLANGWEILIGSTE SCHULE DER WELT: Du dachtest immer, deine Schule wäre langweilig? Da kennst du die Schule von Maxe wohl noch nicht: Kinder im Schlafkoma, über 777 Schulregeln und achtmal täglich Mathe. Gegen so viel Langeweile kann nur noch einer helfen: Inspektor Rumpus von der geheimnisvollen BfLb … &#xD;
            &#xD;
Leicht zu lesen: mit kurzen Kapiteln, vielen Bildern und jeder Menge Humor &#xD;
&#xD;
                &#xD;
Witzige und turbulente Reihe für Jungs und Mädchen ab 8 Jahren!&#xD;
&#xD;
                &#xD;
Lustige Schulgeschichten + Agenten-Spannung = Lesespaß pur! </marc:subfield>
   </marc:datafield>
   <marc:datafield ind1=" " ind2=" " tag="020">
      <marc:subfield code="a">9783551653987</marc:subfield>
      <marc:subfield code="9">9783551653987</marc:subfield>
   </marc:datafield>
   <marc:datafield ind1=" " ind2=" " tag="020">
      <marc:subfield code="a">3551653984</marc:subfield>
      <marc:subfield code="9">3551653984</marc:subfield>
   </marc:datafield>
   <marc:datafield ind1=" " ind2=" " tag="041">
      <marc:subfield code="a">ger</marc:subfield>
   </marc:datafield>
   <marc:datafield ind1=" " ind2=" " tag="300">
      <marc:subfield code="b">Schwarz-weiß illustriert</marc:subfield>
   </marc:datafield>
   <marc:datafield ind1="0" ind2=" " tag="490">
      <marc:subfield code="v">8</marc:subfield>
   </marc:datafield>
   <marc:datafield ind1=" " ind2=" " tag="300">
      <marc:subfield code="a">224 Seiten</marc:subfield>
   </marc:datafield>
</marc:record>
